<A> translog approach to consumer spatial behaviour.

Prezentovanie priestorového modelu translogistického dopytu, ktorý zodpovedá za vzájomnú previazanosť medzi alternatívami dopravy a zaoberá sa rôznou elasticitou substitúcie miest určenia. Popis účinkov veľkosti priestoru, priestorovej konfigurácie a substitúcie na priestorovú interakciu. Vplyvy veľ...

ver descrição completa

Na minha lista:
Detalhes bibliográficos
Autor principal: Lo, L.
Formato: Capítulo de Livro
Idioma:inglês
Assuntos:
Tags: Adicionar Tag
Sem tags, seja o primeiro a adicionar uma tag!

MARC

LEADER 00000naa a2200000 4500
001 r002801
005 20220819193430.0
041 0 |a eng 
044 |a US 
245 1 0 |a <A> translog approach to consumer spatial behaviour.  |c L. Lo 
520 |a Prezentovanie priestorového modelu translogistického dopytu, ktorý zodpovedá za vzájomnú previazanosť medzi alternatívami dopravy a zaoberá sa rôznou elasticitou substitúcie miest určenia. Popis účinkov veľkosti priestoru, priestorovej konfigurácie a substitúcie na priestorovú interakciu. Vplyvy veľkosti priestoru na priemernú dĺžku jázd a štruktúru cestovania. 
610 2 0 |a ekonomika priestorová 
610 2 0 |a spotrebitelia 
610 2 0 |a modely 
610 2 0 |a modely dopytu 
610 2 0 |a doprava 
100 1 |a Lo, L.